Case Studies in Consumer Behaviour (Record no. 11837)

MARC details
000 -LEADER
fixed length control field 00402nam a22001697a 4500
003 - CONTROL NUMBER IDENTIFIER
control field OSt
008 - FIXED-LENGTH DATA ELEMENTS--GENERAL INFORMATION
fixed length control field 230228b ||||| |||| 00| 0 eng d
020 ## - INTERNATIONAL STANDARD BOOK NUMBER
International Standard Book Number 9788131774489
082 ## - DEWEY DECIMAL CLASSIFICATION NUMBER
Classification number 658.8342 KUC
100 ## - MAIN ENTRY--PERSONAL NAME
Personal name RAMESH KUMAR,S
245 ## - TITLE STATEMENT
Title Case Studies in Consumer Behaviour
250 ## - EDITION STATEMENT
Edition statement 1st IMP
260 ## - PUBLICATION, DISTRIBUTION, ETC. (IMPRINT)
Place of publication, distribution, etc UP
Name of publisher, distributor, etc Pearson
Date of publication, distribution, etc 2013
300 ## - PHYSICAL DESCRIPTION
Extent 270
650 ## - SUBJECT ADDED ENTRY--TOPICAL TERM
Topical term or geographic name as entry element Consumer Behaviour
942 ## - ADDED ENTRY ELEMENTS (KOHA)
Source of classification or shelving scheme Dewey Decimal Classification
Koha item type Text Books
Holdings
Withdrawn status Lost status Source of classification or shelving scheme Damaged status Not for loan Collection code Home library Current library Date acquired Source of acquisition Currency Cost, normal purchase price Bill Number Total Checkouts Full call number Acc. no. / Barcode Date last seen Actual Cost, discounted price Bill Date Koha item type
    Dewey Decimal Classification     MBA PIET C-LIBRARY PIET C-LIBRARY 16/02/2023 International Book Centre IN Rupees 605.00 IB/IN/1153   658.8342 KUC 34500 28/02/2023 405.35 16/02/2023 Text Books
    Dewey Decimal Classification     MBA PIET C-LIBRARY PIET C-LIBRARY 16/02/2023 International Book Centre IN Rupees 605.00 IB/IN/1153   658.8342 KUC 34501 28/02/2023 405.35 16/02/2023 Text Books
    Dewey Decimal Classification     MBA PIET C-LIBRARY PIET C-LIBRARY 16/02/2023 International Book Centre IN Rupees 605.00 IB/IN/1153   658.8342 KUC 34502 28/02/2023 405.35 16/02/2023 Text Books

Design & Developed by: PIET Central Library
R70 Miles Stone Pattikalyana Samalkha Panipat 132102
mail ID :- [email protected], Phone No:- 0180-2569700 Ex.216